|
|
|
|
| LEADER |
00000nab a2200000uu 4500 |
| 001 |
vtls010880502 |
| 003 |
SK-MaSNL |
| 005 |
20260303145144.0 |
| 008 |
230222|1998 xo |||||||||||||||||slo| |
| 015 |
|
|
|a SNBRB
|
| 035 |
|
|
|a (urnnbn)urn:nbn:sk:snk:ar-005z95
|
| 035 |
|
|
|a (uuid)98545ea1-57ce-4ea0-8052-cd57d49ca3d0
|
| 035 |
|
|
|a urn:nbn:sk:snk-ab7p2z
|
| 040 |
|
|
|a SNKBUCL
|b slo
|c SNKBUCL
|e AACR2
|
| 041 |
0 |
|
|a slo
|
| 044 |
|
|
|a xo
|c SK
|
| 100 |
1 |
|
|a Kopčanová, Dagmar
|4 aut
|9 8779
|
| 245 |
1 |
0 |
|a Prevencia drogovej závislosti a jej inštitucionálne riešenie v podmienkach školstva, so špeciálnym zameraním na pedagogicko-psychologické poradne
|c Dagmar Kopčanová, Mária Krýslová
|
| 700 |
1 |
|
|a Krýslová, Mária
|4 aut
|9 807727
|
| 773 |
0 |
|
|t Pedagogická revue : časopis pre pedagogickú teóriu a prax
|g Roč. 50, č. mimoriadne číslo (1998), s. 53-60
|
| 954 |
|
|
|a odborná, vedecká literatúra pôvodná (slovenská)
|2 lita
|
| 958 |
|
|
|a OND
|
| 958 |
|
|
|a EUIPO
|
| 958 |
|
|
|a article8
|
| 999 |
|
|
|c 2000962
|d 2002892
|